|
|
|
|
| LEADER |
01133aam a22003018a 4500 |
| 001 |
00027408 |
| 005 |
20171026081025.0 |
| 008 |
111110s2011 ||||||viesd |
| 041 |
0 |
# |
|a vie
|
| 082 |
1 |
4 |
|a 398.095 973 1
|b T310H
|
| 245 |
0 |
0 |
|b (Tây Hồ - Hà Nội)
|a Tìm hiểu văn hóa dân gian làng Yên Thái
|c Lê Văn Kỳ sưu tầm, biên soạn, giới thiệu
|
| 260 |
# |
# |
|b Văn hóa dân tộc
|c 2011
|a Hà Nội
|
| 300 |
# |
# |
|a 239 tr.
|c 21 cm.
|
| 500 |
# |
# |
|a ĐTTS ghi : Hội Văn nghệ dân gian Việt Nam
|
| 504 |
# |
# |
|a Tài liệu tham khảo tr. 238
|
| 541 |
# |
# |
|a Tặng
|
| 650 |
# |
4 |
|a Văn hóa dân gian
|z Việt Nam
|z Hà Nội
|
| 653 |
# |
# |
|a Văn hóa dân gian
|
| 653 |
# |
# |
|a Yên Thái
|
| 700 |
1 |
# |
|a Lê, Văn Kỳ
|b sưu tầm, biên soạn, giới thiệu
|
| 710 |
2 |
# |
|a Hội Văn nghệ dân gian Việt Nam
|
| 852 |
# |
# |
|b Kho đọc
|j KD.0012022
|
| 852 |
# |
# |
|j KD.0012022
|
| 910 |
0 |
# |
|a Ntuyet
|d 10/11/2011
|
| 980 |
# |
# |
|a Trung tâm Học liệu Lê Vũ Hùng, Trường Đại học Đồng Tháp
|